Tiere mit "V" aufzählen - Statistiken

Allgemein
  • Dieses Quiz wurde 167 mal gespielt
  • Das Durchschnittsergebnis liegt bei 3 aus 9
Antwortstatistiken
Tier mit V % Korrekt
Vogel
95%
Vielfraß
44%
Viper
42%
Vogelspinne
42%
Vampirfledermaus
27%
Veilchenohrkolibri
6%
Venusmuschel
4%
Vikunja
3%
Vollblut (Pferd)
0%
Keine übereinstimmenden Quizze gefunden
Verteilung der Resultate
Anzahl Personen mit jedem Resultat
Perzentil nach korrekt beantworteten Fragen
Ihre Resultats-Entwicklung
Sie haben dieses Quiz noch nicht gespielt